000 00407nam a2200169Ia 4500
001 991
003 IN-NITTTR
005 20251114232906.0
008 251113s9999||||xx |||||||||||||| ||eng||
040 _beng
040 _cIN-NITTTR
041 _aeng
082 _a681.12 F911I
100 _aFribance, Austin E.
245 0 _aIndustrial instrumentation fundamentals. /
_cFribance, Austin E.
942 _2ddc
_cBK
999 _c967
_d967